Hogyan dolgozik a nemzeti biztosítás bizottsága

Bibliographic Details
Corporate Author: Revolučné odborové hnutie. Ústredná rada odborov (Author)
Other Authors: Takács, Sándor (Translator)
Format: Book
Language:Hungarian
Czech
PhysicalDescription:26, [2] s. V. 8°
Published: Bratislava Práca 1952
Series:Osnovy odborárskeho školenia
Subjects:

MARC

LEADER 00000cam a2200000 a 4500
001 vtls008401900
003 SK-MaSNL
005 20260426014723.0
008 230403s1952 xo g 000 0 hun
015 |a SNBA19451955-003767 
035 |a SK01SNKBKSFS20010094117 
035 |a urn:nbn:sk:snk-am3hea5 
035 |a 57DC50A6-84C6-42B3-B19B-7896E4402407 
035 |a urn:nbn:sk:snk-am00csj6 
035 |a SKM000096580 
040 |a SNK  |b slo  |c SNK  |e AACR2 
041 1 |a hun  |h cze 
044 |a xo  |c SK 
080 |a 331.881  |2 1981 
080 |a 368  |2 1981 
110 2 |a Revolučné odborové hnutie.  |b Ústredná rada odborov  |4 aut  |9 180099 
240 1 0 |a Jak pracuje komise národního pojištĕní  |l Maďarsky 
245 0 0 |a Hogyan dolgozik a nemzeti biztosítás bizottsága  |c [a cseh nyelvű szövegből (KPO - ÚRO: Jak pracuje komise národního pojištĕní) fordította Takács Sándor] 
260 |a Bratislava  |b Práca  |c 1952  |e Bratislava  |f Práca 
300 |a 26, [2] s.  |c V. 8° 
366 |e 3300 výtl. 
490 1 |a Osnovy odborárskeho školenia  |v sv. 6 
500 |a Obálkový názov 
610 1 7 |a Revolučné odborové hnutie.  |b Základná organizácia (Banská Bystrica, Slovensko)  |2 SNK  |9 93013 
650 0 7 |a nemocenské poistenie  |2 SNKPH  |9 67734 
650 0 7 |a odbory  |2 SNKPH  |9 2328 
651 7 |a Československo  |2 SNKPHgeo  |9 21376 
651 7 |a Slovensko  |2 SNKPHgeo  |9 14231 
655 7 |a príručky  |2 SNKPH  |9 74364 
700 1 |a Takács, Sándor  |4 trl  |9 308966 
830 0 |a Osnovy odborárskeho školenia  |9 309282 
852 |a Slovenská národná knižnica 
954 |a odborná, vedecká literatúra cudzojazyčná (svetová)  |2 lita 
958 |a RK 
958 |a TL 
958 |a OND 
958 |a EUIPO 
999 |c 1166438  |d 1168368 
952 |a SNK  |b SNK  |y VYP  |7 0  |p 17A0597745  |o snkSD 6218/6/1952 D1  |i snkF 6192/63  |8 5  |0 0  |1 0  |4 0  |d 2008-10-14  |l 0  |r 2026-02-24 20:49:45  |w 2026-02-24 
952 |a SNK  |b SNK  |y PREZ  |7 0  |p 17A0911133  |o snkSD 6218/6/1952  |i snk3954/52  |0 0  |1 0  |4 0  |d 2019-01-07  |f 1  |l 0  |r 2025-11-14 00:00:00  |w 2026-02-24